Blown away! / (Record no. 3428)

MARC details
000 -LEADER
fixed length control field 00714nam a22002297a 4500
001 - CONTROL NUMBER
control field 3428
003 - CONTROL NUMBER IDENTIFIER
control field FISKH
005 - DATE AND TIME OF LATEST TRANSACTION
control field 20240305152105.0
008 - FIXED-LENGTH DATA ELEMENTS--GENERAL INFORMATION
fixed length control field 240305b cb ||||| |||| 00| 0 eng d
040 ## - CATALOGING SOURCE
Original cataloging agency FISK
Language of cataloging eng
Transcribing agency FISK
Modifying agency FISK
050 ## - LIBRARY OF CONGRESS CALL NUMBER
Classification number PZ7.H22666
082 ## - DEWEY DECIMAL CLASSIFICATION NUMBER
Classification number 443
100 ## - MAIN ENTRY--PERSONAL NAME
Personal name Hiatt Harlow Joan
Dates associated with a name 1932-
245 ## - TITLE STATEMENT
Title Blown away! /
Statement of responsibility, etc. Joan Hiatt Harlow
300 ## - PHYSICAL DESCRIPTION
Extent 258 pages :
Dimensions 20 cm
505 ## - FORMATTED CONTENTS NOTE
Formatted contents note M
520 ## - SUMMARY, ETC.
Summary, etc. In 1935 on the Florida Key of Matacumbe, thirteen-year-old Jake makes new friends during an idyllic summer, only to have everything change when a hurricane threatens the island.
521 8# - TARGET AUDIENCE NOTE
Target audience note 730
Source Lexile
700 ## - ADDED ENTRY--PERSONAL NAME
Personal name Joan Hiatt Harlow
942 ## - ADDED ENTRY ELEMENTS (KOHA)
Source of classification or shelving scheme Dewey Decimal Classification
Koha item type Books
Suppress in OPAC No
Holdings
Withdrawn status Lost status Source of classification or shelving scheme Damaged status Not for loan Collection Home library Current library Shelving location Date acquired Total Checkouts Full call number Barcode Date last seen Copy number Price effective from Koha item type
    Dewey Decimal Classification     Fiction Footprints International School Library Network Toul Kork Campus Footprints International School Library Network Toul Kork Campus   03/05/2024   HIA PZ7.H22666L 443 2024-0204 03/05/2024 1 03/05/2024 Books
    Dewey Decimal Classification     Fiction Footprints International School Library Network Toul Kork Campus Footprints International School Library Network Toul Kork Campus   03/13/2024   HIA PZ7.H22666L 443 2024-0320 03/13/2024 2 03/13/2024 Books